000
00331nam a2200145Ia 4500
005
20251222143240.0
008
251222s9999||||xx |||||||||||||| ||spa||
020
_a
8433968947
082
_a
823/K96
100
_a
Kureishi, Hanif
245
0
_a
Intimidad
250
_a
1ra.ed.
264
_b
Editorial Anagrama, S.A.
942
_c
LIB
999
_c
14548
_d
14548